Design in architecture; (Record no. 549205)

000 -LEADER
fixed length control field 00552nam a2200169 4500
020 ## - INTERNATIONAL STANDARD BOOK NUMBER
International Standard Book Number 047110583X
082 00 - DEWEY DECIMAL CLASSIFICATION NUMBER
Classification number 721
Author Mark BRO
-- L-38, P-117
100 1# - MAIN ENTRY--PERSONAL NAME
Personal name Broadbent, Geoffrey.
9 (RLIN) 32571
245 10 - TITLE STATEMENT
Title Design in architecture;
Remainder of title architecture and the human sciences.
260 ## - PUBLICATION, DISTRIBUTION, ETC.
Place of publication, distribution, etc. London,
-- New York,
Name of publisher, distributor, etc. John Wiley & Sons
Date of publication, distribution, etc. [1973]
300 ## - PHYSICAL DESCRIPTION
Extent xiv, 504 p.
Other physical details illus.
Dimensions 23 cm.
526 ## - STUDY PROGRAM INFORMATION NOTE
Program name 0
Interest level 0
Reading level 0
Title point value 721_000000000000000_BRO
650 #0 - SUBJECT ADDED ENTRY--TOPICAL TERM
Topical term or geographic name entry element Architectural design.
9 (RLIN) 31720
650 #0 - SUBJECT ADDED ENTRY--TOPICAL TERM
Topical term or geographic name entry element Environmental engineering.
9 (RLIN) 1550
650 #0 - SUBJECT ADDED ENTRY--TOPICAL TERM
Topical term or geographic name entry element Structural design.
942 ## - ADDED ENTRY ELEMENTS (KOHA)
Source of classification or shelving scheme
Koha item type Book
Holdings
Withdrawn status Lost status Source of classification or shelving scheme Damaged status Not for loan Permanent Location Current Location Date acquired Total Checkouts Full call number Barcode Date last seen Price effective from Koha item type
          Military College of Engineering (MCE) Military College of Engineering (MCE) 09/18/2014   721 BRO MCE-29741 09/18/2014 09/18/2014 Book
© 2023 Central Library, National University of Sciences and Technology. All Rights Reserved.